01872cam a2200349Ia 4500003000400000005001700004008004100021020004100062040003100103050001400134100002800148245019300176250001900369260004600388300004700434336002600481337002800507338002700535504002000562650002700582650002000609650002000629700003400649700003200683700002700715942005400742999001900796952017600815952017700991952017701168952017701345OSt20250917155302.0  a9780323327077 (Paperback)cUSD 85.00 aNUSTcNUSTbengdNUSTerda aSF811 KEE1 aKeene, Bruce W.aAuthor10aRapid interpretation of heart and lung sounds :ba guide to cardiac and respiratory auscultation in dogs and cats /cBruce W. Keene, Francis W. K. Smith, Larry P. Tilley and Bernie Hansen. aThird edition. aSt. Louis, Missouri :bElsevier,c©2015. axvii, 93 pages :bIllustrations ;c24 cm.  atextbtxt2rdacontent aunmediatedbn2rdamedia avolumebnc2rdacarrier aIncludes index. 0aVeterinary cardiology. 0aDogsxDiseases. 0aCatsxDiseases.1 aSmith , Francis W. K.aAuthor1 aTilley, Lawrence P.aAuthor aHansen, BernieaAuthor cBOOKSkSFmKEE2lcceThird edition.hSF811 KEEn0 c120357d120357 00102lcc40708NFICaMedicalbMedicalcGENd2023-01-20eBook Aid Internationalg80.00l0oSF811 KEEp92004048118r2023-01-20 00:00:00v80.00w2023-01-20yBOOKSzDonation 00102LCC40708NFICaMAINbMAINcGENd2025-09-17eBook Aid Internationalg85.00l0oSF811 KEEp92004056387r2025-09-17 15:46:14t63292v85.00w2025-09-17yBOOKSzDonation 00102LCC40708NFICaMAINbMAINcGENd2025-09-17eBook Aid Internationalg85.00l0oSF811 KEEp92004056388r2025-09-17 15:48:28t63293v85.00w2025-09-17yBOOKSzDonation 00102LCC40708NFICaMAINbMAINcGENd2025-09-17eBook Aid Internationalg85.00l0oSF811 KEEp92004056380r2025-09-17 15:49:56t63294v85.00w2025-09-17yBOOKSzDonation